The Roman sacred music of Alessandro Scarlatti /

Hlavní autor: Della Libera, Luca, 1961-
Jazyk: Angličtina
Vydáno: London : Routledge, Taylor & Francis Group, 2022
Vydání: First published
Témata:
Fyzický popis: xii, 218 stran : noty ; 24 cm
Knihy
Uloženo v:
LEADER 01990nam a2200529 i 4500
001 001914008
003 CZ BrMZK
005 20250307072131.0
007 ta
008 241031s2022 xxkg f 001 0deng
020 |a 978-1-03-217226-2  |q (brožováno) 
040 |a BOA001  |b cze  |e rda 
043 |a e-it--- 
045 |a u6v2 
072 7 |a 78.07  |x Hudebníci, skladatelé a jiná hudební povolání  |2 Konspekt  |9 9 
080 |a 78.071.1  |2 MRF 
080 |a 78.034.7  |2 MRF 
080 |a 27-535  |2 MRF 
080 |a 78-042.4  |2 MRF 
080 |a (450)  |2 MRF 
080 |a (048.8)  |2 MRF 
100 1 |a Della Libera, Luca,  |d 1961-  |7 mzk20251254326  |4 aut 
245 1 4 |a The Roman sacred music of Alessandro Scarlatti /  |c Luca Della Libera 
250 |a First published 
264 1 |a London :  |b Routledge, Taylor & Francis Group,  |c 2022 
300 |a xii, 218 stran :  |b noty ;  |c 24 cm 
336 |a text  |b txt  |2 rdacontent 
337 |a bez média  |b n  |2 rdamedia 
338 |a svazek  |b nc  |2 rdacarrier 
504 |a Obsahuje bibliografii, bibliografické odkazy a rejstřík 
600 1 7 |a Scarlatti, Alessandro,  |d 1660-1725  |7 jn20000604811  |2 czenas 
648 4 |a 1660-1725 
648 7 |a 17.-18. století  |7 ch757024 
650 0 7 |a hudební skladatelé  |7 ph120923  |z Itálie  |y 17.-18. století  |2 czenas 
650 0 7 |a barokní hudba  |7 ph118767  |z Itálie  |2 czenas 
650 0 7 |a duchovní hudba  |7 ph114372  |z Itálie  |y 17.-18. století  |2 czenas 
650 0 7 |a interpretace a přijetí hudebního díla  |7 ph957061  |2 czenas 
650 0 9 |a composers  |z Italy  |y 17th-18th centuries  |2 eczenas 
650 0 9 |a baroque music  |z Italy  |2 eczenas 
650 0 9 |a sacred music  |z Italy  |y 17th-18th centuries  |2 eczenas 
650 0 9 |a interpretation and reception of music  |2 eczenas 
655 7 |a monografie  |7 fd132842  |2 czenas 
655 9 |a monographs  |2 eczenas 
910 |a BOA001  |b 2-1534.337 
990 |a BK 
991 |b 202503  |c NOV 
996 6 |b 2610984766  |c 2-1534.337  |l MZK  |r HSS 4p  |n 0  |p kupz  |h 78.07 DEL  |w 001983256  |u 000010  |a 0  |e BOA001  |j MZK50  |s P